[Event "ICS rated blitz match"]
[Site "204.178.125.65"]
[Date "2000.12.09"]
[Round "?"]
[White "Hossa"]
[Black "lupica"]
[Result "1-0"]
[WhiteElo "2619"]
[BlackElo "2205"]
[PlyCount "51"]
[EventDate "2000.??.??"]

1. e4 g6 2. d4 Bg7 3. c4 c5 4. d5 d6 5. Bd3 Nf6 6. Nf3 Bg4 7. h3 Bxf3 8. Qxf3
Nbd7 9. Bc2 O-O 10. O-O a6 11. Nc3 Rb8 12. Bg5 b5 13. cxb5 axb5 14. a3 b4 15.
axb4 cxb4 16. Ne2 Nc5 17. Ra7 Rb7 18. Rxb7 Nxb7 19. Nd4 Nc5 20. Nc6 Qc7 21. Ra1
b3 22. Bb1 Nfd7 23. Bxe7 Re8 24. Ra7 Qb6 25. Bxd6 Bxb2 26. Bxc5 {lupica resigns
} 1-0

[Event "ICS rated standard match"]
[Site "204.178.125.65"]
[Date "2000.12.09"]
[Round "?"]
[White "J-DEFENSE"]
[Black "Hossa"]
[Result "0-1"]
[WhiteElo "1902"]
[BlackElo "2372"]
[PlyCount "64"]
[EventDate "2000.??.??"]

1. e4 c5 2. d4 Nf6 3. e5 Ne4 4. Bc4 e6 5. Nf3 cxd4 6. Nxd4 Qc7 7. Bd3 Bb4+ 8.
Nd2 Nxd2 9. Bxd2 Qxe5+ 10. Ne2 Bxd2+ 11. Qxd2 Qxb2 12. O-O Nc6 13. Nc3 d5 14.
Rab1 Qa3 15. Nb5 Qe7 16. c4 O-O 17. cxd5 exd5 18. Rfe1 Be6 19. Rbd1 a6 20. Nc3
Qh4 21. Qb2 b5 22. Be2 Rfd8 23. Nxb5 axb5 24. Bxb5 Rdb8 25. Qe2 Nd4 26. Rxd4
Qxd4 27. Bc6 Rb2 28. Qf3 Ra3 29. Qf5 Qd2 30. Kf1 Rc3 31. Qf3 Rxf3 32. gxf3
Qxf2# {J-DEFENSE checkmated} 0-1

[Event "ICS rated blitz match"]
[Site "204.178.125.65"]
[Date "2000.12.09"]
[Round "?"]
[White "janderson"]
[Black "Hossa"]
[Result "1-0"]
[WhiteElo "2602"]
[BlackElo "2622"]
[PlyCount "151"]
[EventDate "2000.??.??"]

1. Nf3 c5 2. e4 d6 3. d4 Nf6 4. Nc3 cxd4 5. Nxd4 Nbd7 6. Bc4 e6 7. O-O Ne5 8.
Be2 Be7 9. f4 Nc6 10. Be3 O-O 11. Bf3 Nd7 12. Bf2 Re8 13. a3 Nxd4 14. Qxd4 e5
15. fxe5 Nxe5 16. Nd5 Nxf3+ 17. gxf3 Bh3 18. Rfe1 Bh4 19. Bxh4 Qxh4 20. Kh1
Rec8 21. Rg1 g6 22. c3 Rd8 23. Rad1 b6 24. Qf6 Qxf6 25. Nxf6+ Kg7 26. Nh5+ Kf8
27. Nf4 Be6 28. Kg2 Bb3 29. Rd4 Rac8 30. h4 Rc5 31. Kf2 Rd7 32. Nd3 Rc8 33. h5
gxh5 34. Rg5 h4 35. Rh5 Kg7 36. Rxh4 Rdd8 37. Ke3 h6 38. Nf4 Rc5 39. Rh2 Bc4
40. Rhd2 Rc6 41. Nh5+ Kf8 42. Ng3 Be6 43. Rh2 Kg7 44. e5 d5 45. Nh5+ Kg6 46.
Rdh4 Kf5 47. f4 Rg8 48. Nf6 Rg3+ 49. Kf2 Rg6 50. Kf3 Bc8 51. Nh7 Rg1 52. Rh5+
Ke6 53. Rxh6+ Kd7 54. Nf6+ Kd8 55. Rh8+ Kc7 56. Nxd5+ Kb7 57. Ne7 Rc5 58. Nxc8
Rxc8 59. Rxc8 Kxc8 60. Rh7 Rb1 61. Rxf7 Rxb2 62. Rxa7 Rc2 63. e6 Rxc3+ 64. Ke4
Kd8 65. f5 Rc1 66. f6 Re1+ 67. Kd5 Kc8 68. f7 Kb8 69. Rd7 Rd1+ 70. Kc6 Rc1+ 71.
Kb5 Rc7 72. f8=Q+ Kb7 73. Qd8 Rxd7 74. exd7 Ka7 75. Qxb6+ Ka8 76. d8=Q# {
Hossa checkmated} 1-0

[Event "ICS rated blitz match"]
[Site "204.178.125.65"]
[Date "2000.12.09"]
[Round "?"]
[White "Hossa"]
[Black "janderson"]
[Result "0-1"]
[WhiteElo "2629"]
[BlackElo "2619"]
[PlyCount "144"]
[EventDate "2000.??.??"]

1. Nf3 Nf6 2. c4 g6 3. d4 Bg7 4. Nc3 O-O 5. e4 d6 6. Be2 e5 7. dxe5 dxe5 8.
Qxd8 Rxd8 9. Bg5 Re8 10. O-O c6 11. c5 Nbd7 12. b4 h6 13. Be3 b6 14. Nd2 bxc5
15. bxc5 Rb8 16. Nc4 Ba6 17. Nd6 Bxe2 18. Nxe2 Re6 19. Rab1 Rxb1 20. Rxb1 Bf8
21. f3 Bxd6 22. cxd6 Rxd6 23. Bxh6 a6 24. Be3 c5 25. Rb7 Ne8 26. Nc3 c4 27. Kf2
f5 28. exf5 gxf5 29. g4 fxg4 30. Ne4 Rd3 31. fxg4 Nef6 32. Nxf6+ Nxf6 33. Rb8+
Kf7 34. Rb7+ Ke8 35. Rb8+ Kd7 36. Rb7+ Kd8 37. Rg7 Ke8 38. h3 Nd5 39. Bc1 Rc3
40. Rg8+ Kf7 41. Rd8 Rc2+ 42. Kf3 Nc3 43. Bd2 Nxa2 44. Ba5 c3 45. Rd7+ Ke6 46.
Rc7 Rh2 47. Kg3 Rb2 48. Kh4 c2 49. Bd2 a5 50. Rc5 a4 51. Kg5 a3 52. Rc7 Nb4 53.
Bc1 Rb3 54. Rc8 a2 55. Re8+ Kd5 56. Ra8 Rxh3 57. Ra5+ Kc4 58. Bd2 Rd3 59. Bc1
Rd1 60. Be3 Re1 61. Bd2 Kd3 62. Bxb4 c1=Q+ 63. Kh5 Rh1+ 64. Kg6 Qc6+ 65. Kf5
Qe4+ 66. Kf6 Rh6+ 67. Ke7 Qxb4+ 68. Kf7 Qf4+ 69. Ke8 Re6+ 70. Kd8 Qf8+ 71. Kc7
Qf7+ 72. Kc8 Re8# {Hossa checkmated} 0-1

[Event "ICS rated blitz match"]
[Site "204.178.125.65"]
[Date "2000.12.09"]
[Round "?"]
[White "ChesterX"]
[Black "Hossa"]
[Result "1-0"]
[WhiteElo "2591"]
[BlackElo "2613"]
[PlyCount "159"]
[EventDate "2000.??.??"]

1. d4 Nf6 2. c4 e6 3. Nf3 b6 4. Nc3 Bb4 5. Bg5 h6 6. Bh4 g5 7. Bg3 Ne4 8. Qd3
Bb7 9. O-O-O Nxc3 10. bxc3 Ba3+ 11. Kb1 f5 12. d5 b5 13. cxb5 Bxd5 14. Nd2 Bb7
15. h4 d6 16. hxg5 Qxg5 17. e4 fxe4 18. Nxe4 Qg7 19. Qf3 Bxe4+ 20. Qxe4 Qxc3
21. Qxe6+ Kf8 22. Qf5+ Kg7 23. Qg4+ Kf8 24. Qd4 Qxd4 25. Rxd4 Nd7 26. Bc4 Ne5
27. Bxe5 dxe5 28. Rd7 Bd6 29. Re1 Ke8 30. Rg7 Kd8 31. Rd1 Ke8 32. g3 Rb8 33.
Ka1 Rf8 34. Rh7 Rxf2 35. Rxh6 Rb6 36. g4 Rf4 37. Rh8+ Ke7 38. Be2 Rf2 39. Rh7+
Kf6 40. Bc4 Kg6 41. Rh8 Kg5 42. Rg8+ Kf4 43. g5 e4 44. g6 Be5+ 45. Kb1 Rg2 46.
Rf8+ Bf6 47. Rf1+ Ke5 48. Rg8 Kd4 49. Rc1 Be5 50. Rd8+ Rd6 51. Bf1 Rgxg6 52.
Rc8 Rb6 53. Rd1+ Kc3 54. Rc1+ Kd2 55. Re8 Rge6 56. Rg8 Ke3 57. Rg4 Kf3 58. Rg8
Re7 59. a4 Ke3 60. Rg4 Bd4 61. Bg2 a6 62. Bxe4 axb5 63. a5 Rb8 64. Bc6 Re5 65.
a6 Rc5 66. Re4+ Kf2 67. Rxd4 Rxc1+ 68. Kxc1 Rb6 69. Bb7 Re6 70. a7 Re1+ 71. Kb2
Re8 72. Bc6 Rf8 73. Rb4 Ke3 74. Re4+ Kf2 75. Be8 c5 76. a8=Q c4 77. Qa7+ Kf3
78. Qe3+ Kg2 79. Rg4+ Kf1 80. Rg1# {Hossa checkmated} 1-0

[Event "ICS rated blitz match"]
[Site "204.178.125.65"]
[Date "2000.12.09"]
[Round "?"]
[White "Hossa"]
[Black "slej"]
[Result "1-0"]
[WhiteElo "2593"]
[BlackElo "2317"]
[PlyCount "59"]
[EventDate "2000.??.??"]

1. c4 Nc6 2. Nf3 e5 3. Nc3 Nf6 4. e4 Bc5 5. Bd3 a6 6. O-O d6 7. Be2 Nd4 8. Nxd4
exd4 9. Nd5 Nxe4 10. d3 Nf6 11. Bg5 c6 12. Nxf6+ gxf6 13. Bh6 Be6 14. Bf3 a5
15. Qc1 Kd7 16. Bg7 Rg8 17. Qh6 f5 18. b3 Kc7 19. a3 Ra6 20. Qxh7 Rb6 21. Bf6
Qxf6 22. Qxg8 Rxb3 23. Rfd1 Bxa3 24. Qa8 Bb4 25. Rxa5 Bxa5 26. Qxa5+ Kd7 27.
Qa7 Qe5 28. Bxc6+ Ke7 29. Bxb7 Kf6 30. h4 {slej resigns} 1-0

[Event "ICS rated blitz match"]
[Site "204.178.125.65"]
[Date "2000.12.09"]
[Round "?"]
[White "BOKTA"]
[Black "Hossa"]
[Result "0-1"]
[WhiteElo "1938"]
[BlackElo "2598"]
[PlyCount "68"]
[EventDate "2000.??.??"]

1. c3 c5 2. d4 cxd4 3. cxd4 Nf6 4. Nf3 d6 5. Nc3 Bf5 6. e3 e6 7. Bd3 Bxd3 8.
Qxd3 d5 9. Qb5+ Qd7 10. Ne5 Qxb5 11. Nxb5 Na6 12. Bd2 Ne4 13. f3 Nxd2 14. Kxd2
Bb4+ 15. Ke2 f6 16. Nd3 Kd7 17. Nxb4 Nxb4 18. Rhc1 a6 19. Nc3 Rac8 20. a3 Nc6
21. Na4 Rc7 22. Nb6+ Kd6 23. Rc5 f5 24. f4 h6 25. Rac1 g5 26. g3 gxf4 27. gxf4
Rg8 28. Kf3 Rcg7 29. R1c2 Kc7 30. Na4 Rg4 31. b4 Rh4 32. Nb2 Rh3+ 33. Kf2 Kd6
34. Nd3 Nxd4 {BOKTA resigns} 0-1

[Event "ICS rated blitz match"]
[Site "204.178.125.65"]
[Date "2000.12.09"]
[Round "?"]
[White "Hossa"]
[Black "PostModernist"]
[Result "1-0"]
[WhiteElo "2596"]
[BlackElo "2588"]
[PlyCount "109"]
[EventDate "2000.??.??"]

1. c4 Nf6 2. d4 c5 3. dxc5 e6 4. b4 a5 5. Qa4 Na6 6. b5 Ne4 7. Qc2 Qf6 8. Qxe4
Nxc5 9. Qc2 Qxa1 10. Nc3 g6 11. e3 Bg7 12. Nge2 b6 13. f3 a4 14. Kf2 d6 15. g3
e5 16. Ba3 O-O 17. Bg2 Qxh1 18. Bxh1 Be6 19. Bxc5 dxc5 20. Nxa4 Rab8 21. f4
Rfd8 22. Bc6 Bf5 23. e4 Bg4 24. Nac3 exf4 25. gxf4 Bh3 26. Nd5 Bg4 27. Nec3
Bd4+ 28. Kg3 Be6 29. Na4 Bxd5 30. exd5 Bf6 31. Nc3 Bg7 32. Nd1 Bf8 33. Qe4 Bd6
34. h4 Rbc8 35. Nf2 Rc7 36. Qe3 f5 37. Nd3 Kg7 38. Ne5 Ra7 39. Qc3 Kg8 40. a3
Re7 41. Kg2 Rg7 42. Qg3 Ra7 43. Kh1 Rg7 44. Kg1 Ra7 45. Kf2 Rg7 46. Ke2 Bf8 47.
h5 Bd6 48. hxg6 Bxe5 49. fxe5 Rxg6 50. Qh4 Rf8 51. d6 Rg7 52. d7 Rxd7 53. Bxd7
Kg7 54. Qg5+ Kh8 55. Qe7 {PostModernist resigns} 1-0

[Event "ICS rated blitz match"]
[Site "204.178.125.65"]
[Date "2000.12.09"]
[Round "?"]
[White "PostModernist"]
[Black "Hossa"]
[Result "1-0"]
[WhiteElo "2572"]
[BlackElo "2612"]
[PlyCount "75"]
[EventDate "2000.??.??"]

1. e4 Nf6 2. e5 Nd5 3. d4 d6 4. Nf3 Bg4 5. h3 Bf5 6. Bd3 Bxd3 7. Qxd3 Nc6 8.
O-O e6 9. Qe2 Be7 10. c4 Nb6 11. Be3 dxe5 12. dxe5 Nd7 13. Rd1 Qc8 14. Nc3 Bb4
15. Ne4 O-O 16. Neg5 Ndxe5 17. Nxe5 Nxe5 18. Nxh7 Rd8 19. Qh5 f6 20. Bd4 Nc6
21. Nxf6+ gxf6 22. Qg6+ Kf8 23. Qxf6+ Ke8 24. Qg6+ Kd7 25. Bc5+ Nd4 26. Rxd4+
Kc6 27. Rxd8 Qxd8 28. Bxb4 Qg8 29. Qe4+ Kd7 30. Qxb7 Ke8 31. Rd1 Kf7 32. Rd7+
Kf6 33. Qf3+ Kg6 34. Qe4+ Kf6 35. Qf4+ Kg6 36. Bd2 Qg7 37. Qg5+ Kh7 38. Qxg7# {
Hossa checkmated} 1-0

[Event "ICS rated blitz match"]
[Site "204.178.125.65"]
[Date "2000.12.09"]
[Round "?"]
[White "Hossa"]
[Black "PostModernist"]
[Result "0-1"]
[WhiteElo "2594"]
[BlackElo "2590"]
[PlyCount "118"]
[EventDate "2000.??.??"]

1. d4 Nf6 2. c4 e6 3. Nf3 d5 4. Nc3 Be7 5. Bg5 h6 6. Bxf6 Bxf6 7. e3 O-O 8. Be2
dxc4 9. Bxc4 Nd7 10. O-O c5 11. Ne4 b6 12. Nxf6+ Qxf6 13. Qa4 Rd8 14. Bb5 cxd4
15. exd4 Nf8 16. Bc6 Bd7 17. Ne5 Bxc6 18. Nxc6 Rd5 19. Rfc1 Ng6 20. Qa6 Nf4 21.
Rc3 Rg5 22. Rg3 h5 23. Re1 Kh7 24. Qb7 Rf8 25. a4 Rxg3 26. fxg3 Nd3 27. Rf1 Qg5
28. Kh1 Qe3 29. h3 Qxg3 30. Rf3 Qe1+ 31. Kh2 Qe4 32. b4 Ne1 33. Rf2 Qe3 34. Ra2
Qf4+ 35. Kh1 Qe4 36. Kh2 Nc2 37. Qc7 Ne3 38. Rf2 f6 39. Qe7 Rh8 40. b5 a5 41.
Qb7 Nd5 42. Rf3 h4 43. Qf7 Ra8 44. Kg1 Kh6 45. Qd7 Qe2 46. Rf2 Qe3 47. Nd8 Nf4
48. Nxe6 Nxe6 49. d5 Nd4 50. Qg4 g5 51. Qd1 Rc8 52. d6 Rc1 53. Qxc1 Qxc1+ 54.
Kh2 Qe1 55. Ra2 Nf5 56. Ra1 Qxa1 57. g3 hxg3+ 58. Kg2 Nh4+ 59. Kxg3 Qg1# {
Hossa checkmated} 0-1

[Event "ICS rated blitz match"]
[Site "204.178.125.65"]
[Date "2000.12.09"]
[Round "?"]
[White "PostModernist"]
[Black "Hossa"]
[Result "1/2-1/2"]
[WhiteElo "2606"]
[BlackElo "2578"]
[PlyCount "234"]
[EventDate "2000.??.??"]

1. d4 Nf6 2. c4 e6 3. Nf3 Bb4+ 4. Bd2 Qe7 5. g3 Nc6 6. Nc3 Bxc3 7. Bxc3 Ne4 8.
Qc2 Nxc3 9. Qxc3 d5 10. Bg2 dxc4 11. Qxc4 O-O 12. O-O Qb4 13. Qxb4 Nxb4 14.
Rfc1 Nc6 15. e3 f6 16. Nd2 Rb8 17. Nb3 Bd7 18. Nc5 Rfd8 19. b3 e5 20. dxe5 fxe5
21. Nxb7 Rxb7 22. Bxc6 Bxc6 23. Rxc6 Rd7 24. Rc5 e4 25. Re5 Rb4 26. Rb1 Kf7 27.
Ra5 Rb7 28. Rc1 Kg6 29. Rc4 Re7 30. h4 Re6 31. Rca4 h6 32. Rxa7 Rxa7 33. Rxa7
Rc6 34. a4 Kf5 35. Kg2 Rc1 36. a5 g6 37. a6 Ra1 38. Ra8 Kg4 39. b4 c6 40. Rh8
Rxa6 41. Rxh6 Kf5 42. h5 gxh5 43. b5 Ra3 44. bxc6 Kg5 45. c7 Rc3 46. Rh7 Rc2
47. Kh3 Kf6 48. g4 hxg4+ 49. Kxg4 Ke5 50. f4+ exf3 51. Kxf3 Rc1 52. Ke2 Kf6 53.
Kd2 Rc5 54. Kd3 Rc1 55. Kd4 Ke6 56. e4 Kd6 57. e5+ Ke6 58. Rg7 Rc2 59. Kd3 Rc1
60. Kd2 Rc4 61. Rg5 Rxc7 62. Kd3 Rd7+ 63. Ke4 Ke7 64. Rg7+ Ke8 65. Rg3 Rf7 66.
e6 Rh7 67. Rb3 Rh4+ 68. Ke5 Rh2 69. Rb8+ Ke7 70. Rb7+ Ke8 71. Ra7 Re2+ 72. Kf6
Rf2+ 73. Kg6 Rg2+ 74. Kf5 Rf2+ 75. Kg5 Rh2 76. Rd7 Rg2+ 77. Kf6 Rf2+ 78. Kg6
Rf1 79. Rb7 Rg1+ 80. Kf6 Rf1+ 81. Kg7 Re1 82. Kf6 Rf1+ 83. Ke5 Re1+ 84. Kf5
Rf1+ 85. Kg5 Re1 86. Rb6 Rg1+ 87. Kf5 Rf1+ 88. Ke5 Re1+ 89. Kf6 Rf1+ 90. Ke5
Re1+ 91. Kd6 Rd1+ 92. Kc5 Rc1+ 93. Kd4 Re1 94. Rc6 Rd1+ 95. Ke5 Re1+ 96. Kd5
Rf1 97. Rc7 Rd1+ 98. Ke5 Re1+ 99. Kf6 Rf1+ 100. Kg6 Rg1+ 101. Kf5 Rf1+ 102. Kg5
Rh1 103. Rd7 Rg1+ 104. Kf6 Rf1+ 105. Kg6 Rf2 106. Rb7 Rg2+ 107. Kf5 Rf2+ 108.
Kg5 Re2 109. Kf6 Rf2+ 110. Kg7 Re2 111. Kf6 Rf2+ 112. Ke5 Rh2 113. Rf7 Re2+
114. Kf6 Rf2+ 115. Kg6 Rxf7 116. exf7+ Kf8 117. Kh7 Kxf7 {
Game drawn because neither player has mating material} 1/2-1/2

[Event "ICS rated blitz match"]
[Site "204.178.125.65"]
[Date "2000.12.09"]
[Round "?"]
[White "Hossa"]
[Black "PostModernist"]
[Result "0-1"]
[WhiteElo "2579"]
[BlackElo "2605"]
[PlyCount "94"]
[EventDate "2000.??.??"]

1. e4 Nc6 2. Nf3 f5 3. exf5 d5 4. Bb5 Bxf5 5. Ne5 Qd6 6. d4 Bd7 7. Bxc6 Bxc6 8.
O-O Qe6 9. Nxc6 Qxc6 10. Nc3 O-O-O 11. Bf4 Nf6 12. Qe2 Qb6 13. Rab1 e6 14. Be5
Re8 15. b4 Bd6 16. Na4 Qc6 17. Nc5 Bxc5 18. bxc5 Qa4 19. c3 Rhf8 20. Rb4 Qc6
21. f3 a5 22. Rb5 Qa6 23. Rfb1 Rf7 24. Qb2 Nd7 25. Bg3 Nb8 26. Rxb7 Nc6 27. Rb5
Kd8 28. Qc2 Rf5 29. Rb7 Re7 30. Bh4 g5 31. g4 Re5 32. dxe5 gxh4 33. Qa4 Rf7 34.
R1b6 Qe2 35. Rb8+ Ke7 36. Re8+ Kxe8 37. Qxc6+ Kf8 38. Rb8+ Kg7 39. Rg8+ Kxg8
40. Qe8+ Kg7 41. Qxf7+ Kxf7 42. h3 a4 43. c4 dxc4 44. f4 c3 45. g5 c2 46. g6+
hxg6 47. f5 c1=Q# {Hossa checkmated} 0-1

[Event "ICS rated blitz match"]
[Site "204.178.125.65"]
[Date "2000.12.09"]
[Round "?"]
[White "PostModernist"]
[Black "Hossa"]
[Result "1-0"]
[WhiteElo "2620"]
[BlackElo "2564"]
[PlyCount "185"]
[EventDate "2000.??.??"]

1. d4 Nf6 2. c4 e6 3. Nf3 Bb4+ 4. Nc3 c5 5. e3 cxd4 6. exd4 d5 7. Bg5 dxc4 8.
Bxc4 Qa5 9. Bd2 O-O 10. O-O Bd7 11. Ne5 Ba4 12. Nxa4 Bxd2 13. Nc5 Qb4 14. Qc2
Bf4 15. Ned3 Qd2 16. Qxd2 Bxd2 17. Rad1 Bh6 18. Nxb7 Nc6 19. Ndc5 Rab8 20. d5
exd5 21. Bxd5 Nxd5 22. Rxd5 g6 23. Rd7 Ne5 24. Rd4 Nc6 25. Rd6 Rfc8 26. Rd7 Ne5
27. Rd5 Nc6 28. Rb1 Rc7 29. b4 Rcxb7 30. Nxb7 Rxb7 31. b5 Kg7 32. a4 f6 33.
Rbd1 Ne5 34. Rd8 Rc7 35. a5 Rb7 36. R8d5 Kg8 37. a6 Re7 38. Rd6 Kf7 39. b6 axb6
40. Rxb6 Bf4 41. Rb7 Rxb7 42. axb7 Nc6 43. Rd7+ Kg8 44. g3 Bb8 45. g4 h6 46. h4
Bf4 47. h5 g5 48. Kg2 Bb8 49. Rd1 Be5 50. Rc1 Nb8 51. Rc8+ Kf7 52. Kf3 Bd6 53.
Ke4 Bf4 54. Kd4 Bh2 55. Kd5 Bf4 56. Rh8 Kg7 57. Re8 Kf7 58. Rc8 Be5 59. Rh8 Kg7
60. Re8 Kf7 61. Rd8 Bf4 62. Kc5 Bc7 63. Rh8 Kg7 64. Rc8 Be5 65. Kd5 Kf7 66. f3
Bg3 67. Kc5 Bf4 68. Rd8 Kg7 69. Re8 Kf7 70. Rc8 Bg3 71. Kb5 Bf4 72. Kc4 Bh2 73.
Rh8 Kg7 74. Re8 Bg3 75. Re7+ Kg8 76. Kd5 Bh2 77. Ke6 Be5 78. Kf5 Kf8 79. Rh7
Nc6 80. Kg6 Kg8 81. Kxh6 Bf4 82. Rg7+ Kf8 83. Kg6 f5 84. h6 Ne5+ 85. Kf6 Nxf3
86. Rg6 Be5+ 87. Ke6 Bc7 88. h7 Nd4+ 89. Kd7 Kf7 90. gxf5 Be5 91. b8=Q Bxb8 92.
h8=Q Nxf5 93. Rf6# {Hossa checkmated} 1-0

[Event "ICS rated blitz match"]
[Site "204.178.125.65"]
[Date "2000.12.09"]
[Round "?"]
[White "Hossa"]
[Black "AvernoX"]
[Result "1-0"]
[WhiteElo "2551"]
[BlackElo "2372"]
[PlyCount "151"]
[EventDate "2000.??.??"]

1. d4 e5 2. dxe5 Nc6 3. e4 Nxe5 4. Bd2 Be7 5. f4 Nc6 6. Nc3 d6 7. Nf3 Nf6 8.
Bd3 O-O 9. Nd5 Bg4 10. c3 Qd7 11. O-O Bh5 12. Qb3 Nxd5 13. exd5 Nd8 14. Rae1
Bg4 15. Qc4 Re8 16. h3 Bxf3 17. Rxf3 c6 18. Qe4 g6 19. f5 cxd5 20. Qxd5 Qc6 21.
Qd4 Bf8 22. Rxe8 Qxe8 23. fxg6 hxg6 24. Qh4 Nc6 25. Bg5 Ne5 26. Re3 Bg7 27. Bf1
Qe6 28. b3 Qf5 29. Be7 Qe6 30. Bc4 d5 31. Bf1 Rc8 32. c4 dxc4 33. bxc4 f5 34.
c5 Qd7 35. Bd6 Re8 36. Qb4 Qc8 37. Kh1 g5 38. Qe1 f4 39. Bc4+ Kh8 40. Rxe5 Rxe5
41. Bxe5 Qxc5 42. Bxg7+ Kxg7 43. Qc3+ Kf8 44. h4 Ke7 45. Qg7+ Ke8 46. Qg8+ Kd7
47. Be6+ Kc6 48. Qc8+ Kd6 49. Qf8+ Kc6 50. Qxc5+ Kxc5 51. h5 Kd6 52. h6 Kxe6
53. h7 a5 54. h8=Q Kf5 55. Qh7+ Kf6 56. Qxb7 a4 57. Qa6+ Kf5 58. Qxa4 Ke5 59.
Qxf4+ Kxf4 60. a4 Ke5 61. Kh2 Kd4 62. Kg3 g4 63. a5 Kd5 64. Kxg4 Kc5 65. Kf5
Kc6 66. g4 Kb5 67. g5 Kxa5 68. g6 Kb6 69. g7 Kb5 70. Ke5 Kc5 71. g8=Q Kb4 72.
Kd4 Kb5 73. Qg6 Ka4 74. Qb6 Ka3 75. Kc3 Ka2 76. Qb2# {AvernoX checkmated} 1-0

[Event "ICS rated blitz match"]
[Site "204.178.125.65"]
[Date "2000.12.09"]
[Round "?"]
[White "Hossa"]
[Black "PostModernist"]
[Result "0-1"]
[WhiteElo "2559"]
[BlackElo "2633"]
[PlyCount "132"]
[EventDate "2000.??.??"]

1. d4 Nf6 2. c4 g6 3. Nc3 d5 4. Nf3 Bg7 5. Qb3 dxc4 6. Qxc4 O-O 7. e4 Bg4 8.
Ne5 Be6 9. d5 Bc8 10. Be3 Ne8 11. Bd4 e6 12. Bd3 Nd6 13. Qa4 exd5 14. Nxd5 Re8
15. f4 Nd7 16. O-O c6 17. Nxd7 Bxd7 18. Bxg7 cxd5 19. Qd4 dxe4 20. Qxd6 Kxg7
21. Qd4+ Qf6 22. Qxd7 Qb6+ 23. Rf2 Rad8 24. Qb5 exd3 25. Qxb6 axb6 26. Rd1 Rd4
27. a3 Red8 28. Rfd2 h6 29. Kf2 Rxf4+ 30. Ke3 Rf6 31. b3 Re6+ 32. Kf3 Red6 33.
Ke3 Re8+ 34. Kf2 Ra8 35. Rxd3 Rxd3 36. Rxd3 Rxa3 37. Kg3 g5 38. h3 b5 39. h4 f5
40. hxg5 hxg5 41. Rf3 Kf6 42. Rc3 f4+ 43. Kf3 b4 44. Rd3 Ke5 45. g3 b5 46.
gxf4+ gxf4 47. Kg4 Ra8 48. Rd7 Rg8+ 49. Kh4 Rg3 50. Re7+ Kd6 51. Rf7 Rxb3 52.
Rxf4 Rb1 53. Rf6+ Kc5 54. Rf5+ Kb6 55. Kg3 b3 56. Rf6+ Ka5 57. Rf8 b2 58. Ra8+
Kb4 59. Rb8 Rg1+ 60. Kf4 b1=Q 61. Ke3 Re1+ 62. Kf2 Qe4 63. Rxb5+ Kxb5 64. Kg3
Rg1+ 65. Kf2 Rg2+ 66. Kf1 Qe2# {Hossa checkmated} 0-1

[Event "ICS Rated blitz match"]
[Site "204.178.125.65"]
[Date "2000.12.09"]
[Round "?"]
[White "vic-1952"]
[Black "Hossa"]
[Result "0-1"]
[WhiteElo "2043"]
[BlackElo "2546"]
[PlyCount "50"]
[EventDate "2000.??.??"]

1. e4 c5 2. Nf3 Nc6 3. d4 cxd4 4. Nxd4 e6 5. Nc3 Bc5 6. Nb3 Bb4 7. Bd3 Bxc3+ 8.
bxc3 Nf6 9. O-O O-O 10. f4 d6 11. a4 e5 12. f5 d5 13. exd5 Nxd5 14. f6 Nxf6 15.
Bg5 Qb6+ 16. Kh1 Ng4 17. Qf3 h6 18. Bd2 Be6 19. a5 Qc7 20. h3 e4 21. Bf4 exf3
22. Bxc7 fxg2+ 23. Kxg2 Ne3+ 24. Kf2 Nxf1 25. Bxf1 Rac8 {vic-1952 resigns} 0-1

[Event "ICS rated standard match"]
[Site "204.178.125.65"]
[Date "2000.12.09"]
[Round "?"]
[White "Bootemout"]
[Black "Hossa"]
[Result "0-1"]
[WhiteElo "2068"]
[BlackElo "2374"]
[PlyCount "58"]
[EventDate "2000.??.??"]

1. d4 Nf6 2. Nf3 g6 3. Bf4 Bg7 4. h3 c5 5. c3 cxd4 6. cxd4 Nc6 7. e3 Nd5 8. Bg3
O-O 9. Bc4 Nb6 10. Bb3 d5 11. O-O Bf5 12. Bc2 Bxc2 13. Qxc2 f6 14. Nc3 e5 15.
Rfd1 e4 16. Ne1 f5 17. Qb3 g5 18. f4 Na5 19. Qb5 Nac4 20. b3 a6 21. Qb4 a5 22.
Qb5 Nxe3 23. fxg5 f4 24. Bh4 Nf5 25. g3 fxg3 26. Ng2 Bxd4+ 27. Rxd4 Nxd4 28.
Qc5 Nf3+ 29. Kh1 Qd7 {Bootemout resigns} 0-1

[Event "ICS rated blitz match"]
[Site "204.178.125.65"]
[Date "2000.12.09"]
[Round "?"]
[White "Alexandrino"]
[Black "Hossa"]
[Result "0-1"]
[WhiteElo "2427"]
[BlackElo "2548"]
[PlyCount "103"]
[EventDate "2000.??.??"]

1. e4 Nc6 2. d4 d5 3. Nc3 dxe4 4. d5 Nb8 5. Bc4 Nf6 6. Bf4 Bg4 7. Nge2 c6 8.
dxc6 Nxc6 9. O-O e5 10. Bg5 Qxd1 11. Raxd1 Nd4 12. Nxd4 Bxd1 13. Rxd1 exd4 14.
Nxe4 Be7 15. Nxf6+ Bxf6 16. Bxf6 gxf6 17. Rxd4 Ke7 18. Re4+ Kf8 19. Bd3 Re8 20.
Rxe8+ Kxe8 21. f4 h5 22. h4 Ke7 23. Kf2 Ke6 24. Bc4+ Kf5 25. Kf3 Kg6 26. Bd5 b6
27. Ke4 Re8+ 28. Kd3 Kf5 29. Bxf7 Rd8+ 30. Ke3 Kg4 31. c3 Kxh4 32. Bg6 Kg4 33.
Be4 Kg3 34. f5 h4 35. Bc6 Rc8 36. Bd5 Re8+ 37. Kd3 Re5 38. c4 Rxf5 39. a4 a5
40. Ke3 Rf2 41. b4 axb4 42. a5 bxa5 43. c5 b3 44. Bxb3 h3 45. gxh3 Rf3+ 46. Kd4
Rxb3 47. c6 Rb6 48. Kc5 Rxc6+ 49. Kxc6 a4 50. Kd5 a3 51. Ke6 a2 52. Kxf6 {
Alexandrino resigns} 0-1

[Event "ICS Rated standard match"]
[Site "204.178.125.65"]
[Date "2000.12.09"]
[Round "?"]
[White "Tim"]
[Black "Hossa"]
[Result "1/2-1/2"]
[WhiteElo "2409"]
[BlackElo "2379"]
[PlyCount "113"]
[EventDate "2000.??.??"]

1. d4 d5 2. e4 dxe4 3. Nc3 Nf6 4. f3 exf3 5. Nxf3 Bf5 6. Ne5 e6 7. g4 Bg6 8.
Qf3 Bxc2 9. Qxb7 Nbd7 10. Bb5 Rb8 11. Qxa7 Bd6 12. Nc6 Ra8 13. Qb7 Qc8 14.
Qxc8+ Rxc8 15. Ba6 Nb8 16. Bxc8 Nxc6 17. g5 Nd5 18. Nxd5 exd5 19. Be3 Nb4 20.
Kd2 Be4 21. Rhf1 Bxh2 22. Bf5 Bd6 23. Bxe4 dxe4 24. Bf4 Be7 25. Rae1 Kd7 26.
Rxe4 Nxa2 27. Ra1 Nb4 28. Ra5 Nc6 29. Rd5+ Kc8 30. Rb5 Kd7 31. d5 Nd8 32. Ra5
Bd6 33. Bxd6 Kxd6 34. Kd3 Nb7 35. Ra6+ Kxd5 36. Rd4+ Kc5 37. Rc4+ Kd5 38. b4 c5
39. Rf4 Nd6 40. bxc5 Kxc5 41. Ra5+ Kb6 42. Re5 h6 43. Rd4 Kc6 44. Ra5 Nb5 45.
Rb4 Rd8+ 46. Ke3 Nd6 47. gxh6 gxh6 48. Rh5 Rh8 49. Rbh4 Kd7 50. Kf4 Re8 51.
Rxh6 Re4+ 52. Kf3 Rxh4 53. Rxh4 f5 54. Kf4 Kc6 55. Rh6 Kd5 56. Rxd6+ Kxd6 57.
Kxf5 {Game drawn because neither player has mating material} 1/2-1/2

[Event "ICS rated blitz match"]
[Site "204.178.125.65"]
[Date "2000.12.09"]
[Round "?"]
[White "Hossa"]
[Black "McDogfood"]
[Result "1-0"]
[WhiteElo "2559"]
[BlackElo "2109"]
[PlyCount "43"]
[EventDate "2000.??.??"]

1. d4 Nf6 2. c4 g6 3. Nc3 Bg7 4. e4 d6 5. Nf3 O-O 6. Be2 Nbd7 7. O-O e5 8. dxe5
dxe5 9. Qc2 c6 10. Rd1 Qc7 11. b3 Nc5 12. Ba3 b6 13. b4 Ne6 14. b5 c5 15. Bb2
Bb7 16. Nd5 Bxd5 17. cxd5 Nd4 18. Nxd4 exd4 19. Rxd4 Rfe8 20. Ra4 h5 21. Rd1
Ng4 22. d6 {McDogfood resigns} 1-0

[Event "ICS rated blitz match"]
[Site "204.178.125.65"]
[Date "2000.12.09"]
[Round "?"]
[White "McDogfood"]
[Black "Hossa"]
[Result "1/2-1/2"]
[WhiteElo "2107"]
[BlackElo "2561"]
[PlyCount "88"]
[EventDate "2000.??.??"]

1. e4 Nc6 2. Nf3 f5 3. exf5 d5 4. d4 Bxf5 5. Bd3 Bg4 6. h3 Bxf3 7. Qxf3 e6 8.
Qh5+ Kd7 9. O-O Nxd4 10. Be3 Nc6 11. c4 Nf6 12. Qe2 Kc8 13. Rd1 d4 14. Bg5 Qd7
15. Nd2 h6 16. Bh4 g5 17. Bg3 Bd6 18. Nf3 Bxg3 19. fxg3 Re8 20. Ne5 Qe7 21.
Nxc6 bxc6 22. c5 e5 23. Bf5+ Kb7 24. b4 Nd5 25. b5 Nc3 26. bxc6+ Kxc6 27. Qa6+
Kd5 28. Rac1 Qxc5 29. Qb7+ Kd6 30. Be4 Ne2+ 31. Kh2 Nxc1 32. Rxc1 Qxc1 33. Qd5+
Ke7 34. Qxe5+ Kf8 35. Qf6+ Kg8 36. Qg6+ Kf8 37. Qf6+ Kg8 38. Bd5+ Kh7 39. Qf7+
Kh8 40. Qf6+ Kh7 41. Qf7+ Kh8 42. Qf6+ Kh7 43. Qf7+ Kh8 44. Qf6+ Kh7 {
Game drawn by repetition} 1/2-1/2

[Event "ICS rated blitz match"]
[Site "204.178.125.65"]
[Date "2000.12.09"]
[Round "?"]
[White "Hossa"]
[Black "NewHal9000"]
[Result "1-0"]
[WhiteElo "2547"]
[BlackElo "2405"]
[PlyCount "33"]
[EventDate "2000.??.??"]

1. e4 c5 2. Nf3 e6 3. d4 cxd4 4. Nxd4 Nc6 5. Be3 Nf6 6. Nd2 d5 7. Nxc6 bxc6 8.
exd5 cxd5 9. Bd3 Be7 10. Bd4 O-O 11. O-O a5 12. Qe2 Bb7 13. Nf3 Ne4 14. Rfd1
Bd6 15. Be5 Bxe5 16. Nxe5 Rc8 17. Bxe4 {NewHal9000 resigns} 1-0